000 00249nam a22001097a 4500
008 170124b xxu||||| |||| 00| 0 eng d
020 _a9780397512133
041 _aeng
080 _a618.2
245 _aPRIMARY CARE MEDICINE
_cBERG, D
942 _2udc
_cBK
999 _c3445
_d3445